Hand book of data processing for libraries (Record no. 1366048)

MARC details
000 -LEADER
fixed length control field 00690nam a2200241Ia 4500
005 - DATE AND TIME OF LATEST TRANSACTION
control field 20250508160705.0
008 - FIXED-LENGTH DATA ELEMENTS--GENERAL INFORMATION
fixed length control field 008 250505s9999 xx 000 0 eng d
020 ## - INTERNATIONAL STANDARD BOOK NUMBER
International Standard Book Number 0-471-36484-3
037 ## - SOURCE OF ACQUISITION
Stock number Textual
040 ## - CATALOGING SOURCE
Original cataloging agency FEDL
Language of cataloging eng
Transcribing agency FEDL
041 ## - LANGUAGE CODE
Language code of text/sound track or separate title eng
Source of code eng
084 ## - COLON CLASSIFICATION NUMBER
Classification number 001.6, HAY
Assigning agency FEDL
100 ## - MAIN ENTRY--PERSONAL NAME
Personal name Hayes Robert M
9 (RLIN) 44177
245 #0 - TITLE STATEMENT
Title Hand book of data processing for libraries
245 #4 - TITLE STATEMENT
Statement of responsibility, etc. The Council on Library Resources
260 ## - PUBLICATION, DISTRIBUTION, ETC.
Place of publication, distribution, etc. New York, USA
Name of publisher, distributor, etc. Becker and Hayes
Date of publication, distribution, etc. 1970
300 ## - PHYSICAL DESCRIPTION
Extent xv,885p.
365 ## - TRADE PRICE
Price type code INR
Price amount 143.64
650 ## - SUBJECT ADDED ENTRY--TOPICAL TERM
Topical term or geographic name entry element Computer Science
700 ## - ADDED ENTRY--PERSONAL NAME
Personal name Becker Joseph
9 (RLIN) 769119
942 ## - ADDED ENTRY ELEMENTS (KOHA)
Koha item type Textual
Classification part 001.6, HAY
Holdings
Withdrawn status Lost status Damaged status Not for loan Home library Current library Date acquired Cost, normal purchase price Total Checkouts Full call number Barcode Date last seen Price effective from Koha item type
        Department of Education Library Department of Education Library 2025-05-08 143.64   001.6, HAY EL0052662 2025-05-08 2025-05-08 Textual
Copyright @ Delhi University Library System